|
|
|
|
| LEADER |
02118nam a2200457 a 4500 |
| 001 |
EBC449804 |
| 003 |
MiAaPQ |
| 005 |
20200520144314.0 |
| 006 |
m o d | |
| 007 |
cr cn||||||||| |
| 008 |
070529s2008 pau sb 001 0 eng |
| 010 |
|
|
|z 2007021525
|
| 015 |
|
|
|a GBA795231
|2 bnb
|
| 016 |
7 |
|
|z 014407754
|2 Uk
|
| 020 |
|
|
|z 9781592132799 (cloth : alk. paper)
|
| 020 |
|
|
|z 9781592132805 (pbk. : alk. paper)
|
| 020 |
|
|
|z 1592132790 (cloth : alk. paper)
|
| 020 |
|
|
|z 1592132804 (pbk. : alk. paper)
|
| 035 |
|
|
|a (MiAaPQ)EBC449804
|
| 035 |
|
|
|a (Au-PeEL)EBL449804
|
| 035 |
|
|
|a (CaPaEBR)ebr10318123
|
| 035 |
|
|
|a (CaONFJC)MIL232903
|
| 035 |
|
|
|a (OCoLC)438721719
|
| 040 |
|
|
|a MiAaPQ
|c MiAaPQ
|d MiAaPQ
|
| 050 |
|
4 |
|a HE7645
|b .M393 2008
|
| 082 |
0 |
4 |
|a 303.48/33
|2 22
|
| 100 |
1 |
|
|a McDowell, Stephen D.,
|d 1958-
|
| 245 |
1 |
0 |
|a Managing the infosphere
|h [electronic resource] :
|b governance, technology, and cultural practice in motion /
|c Stephen D. McDowell, Philip E. Steinberg, Tami K. Tomasello.
|
| 260 |
|
|
|a Philadelphia :
|b Temple University Press,
|c 2008.
|
| 300 |
|
|
|a xi, 236 p.
|
| 504 |
|
|
|a Includes bibliographical references (p. [197]-226) and index.
|
| 505 |
0 |
|
|a Managing the infosphere -- Managing technological change -- Scales of governance, governance of scales -- Communication technology, mobility, and cultural consumption -- Internet names, semiotics, and alternative spaces of governance -- Fixity, mobility, and the governance of Internet names -- The infosphere : a world of places, an ocean of information, or a special administrative region?
|
| 533 |
|
|
|a Electronic reproduction. Ann Arbor, MI : ProQuest, 2015. Available via World Wide Web. Access may be limited to ProQuest affiliated libraries.
|
| 650 |
|
0 |
|a Telecommunication policy.
|
| 650 |
|
0 |
|a Internet
|x Management.
|
| 650 |
|
0 |
|a Information technology
|x Social aspects.
|
| 655 |
|
4 |
|a Electronic books.
|
| 700 |
1 |
|
|a Steinberg, Philip E.
|
| 700 |
1 |
|
|a Tomasello, Tami K.
|
| 710 |
2 |
|
|a ProQuest (Firm)
|
| 856 |
4 |
0 |
|u https://ebookcentral.proquest.com/lib/matrademy/detail.action?docID=449804
|z Click to View
|